Central Library OPAC University of Rajshahi

ہمارے ذاکر صاحب ;; Hamāre Z̲ākir Ṣāḥib / (Record no. 81853)

MARC details
000 -LEADER
fixed length control field 00803naa a2200217 a 4500
001 - CONTROL NUMBER
control field 81853
003 - CONTROL NUMBER IDENTIFIER
rucl marc code BD-RjUL
005 - DATE AND TIME OF LATEST TRANSACTION
control field 20230905114851.0
008 - FIXED-LENGTH DATA ELEMENTS--GENERAL INFORMATION
fixed length control field 230905s1973 ii ||||| |||| 00| 0 urd d
035 ## - SYSTEM CONTROL NUMBER
System control number (BD-RjUL)81853
040 ## - CATALOGING SOURCE
Original cataloging agency BD-RjUL
Language of cataloging eng
Transcribing agency BD-RjUL
041 ## - LANGUAGE CODE
Language code of text/sound track or separate title urd
082 ## - DEWEY DECIMAL CLASSIFICATION NUMBER
Edition number 23
Classification number 954.04092
Author mark and year SIH 1973
100 ## - MAIN ENTRY--PERSONAL NAME
Personal name صدیقی٫ رشید احمد ;; Siddiqui, Rashid Ahmed
9 (RLIN) 8790
245 10 - TITLE STATEMENT
Title ہمارے ذاکر صاحب ;; Hamāre Z̲ākir Ṣāḥib /
Statement of responsibility, etc. رشید احمد صدیقی ;; Rashid Ahmed Siddiqui
260 ## - PUBLICATION, DISTRIBUTION, ETC. (IMPRINT)
Place of publication, distribution, etc. نئی دہلی: New Delhi :
Name of publisher, distributor, etc. مکتبہ جامعہ لمیٹیڈ، Maktaba Jamia Limited,
Date of publication, distribution, etc. 1973
300 ## - PHYSICAL DESCRIPTION
Pagination 191 p. ;
Size 22 cm
600 ## - SUBJECT ADDED ENTRY--PERSONAL NAME
Personal name Husain, Zakir,
Dates associated with a name 1897-1969
General subdivision Presidents
Geographic subdivision India
650 ## - SUBJECT ADDED ENTRY--TOPICAL TERM
Topical term or geographic name as entry element Biographies
942 ## - ADDED ENTRY ELEMENTS (KOHA)
Source of classification or shelving scheme Dewey Decimal Classification
Koha item type Books
Holdings
Lost status Source of classification or shelving scheme Damaged status Not for loan Collection code Permanent Location Current Location Shelving location Date acquired Source of acquisition Cost, normal purchase price Total Checkouts Full call number Date last seen Copy number Koha item type
  Dewey Decimal Classification   Not For Loan Non-fiction Central Library, University of Rajshahi Central Library, University of Rajshahi Reading Room 25/03/1980 India : International 9.00   U 954.04092 SIH 1973 05/09/2023 C-1 Books